Statistiques concernant Harry Potter - 100 sortilèges

Cliquez ici pour prendre le quiz!

Statistiques générales

  • Ce quiz a été pris 850 fois
  • Le résultat moyen est 31 sur 100

Statistiques - réponses

SortilègesRéponse% Correct
Sortilège impardonnable (mort)avada kedavra
98%
Sortilège impardonnable (torture)doloris
95%
Sortilège impardonnable (contrôle)impero
90%
Sortilège d'attractionaccio
86%
sortilège de déverouillagealohomora
86%
sortilège de lumièrelumos
80%
maléfice de stupéfixionstupefix
75%
sortilège de lévitationwingardium leviosa
71%
sortilège de désarmementexpelliarmus
70%
fait apparaître un jet d'eauaguamenti
67%
sortilège du Patronusspero patronum
64%
sortilège de réparationreparo
63%
annule le sortilège de lumièrenox
62%
charme du bouclierprotego
62%
sortilège de réductionreducto
61%
augmente la taille d'un objetamplificatum
57%
maléfice du saucisson; immobilise et raidit totalement la personne viséepetrificus totalus
56%
crée de profondes entailles sur le corps de l'adversairesectumsempra
56%
augmente le périmètre d'éclairage de Lumoslumos maxima
55%
sortilège d'amnésieoubliettes
55%
répare les lunettesoculus reparo
54%
fait apparaître un feuincendio
51%
soulève la personne dans les airslevicorpus
51%
sortilège pour vaincre un épouvantardriddikulus
49%
sert à pénétrer l'esprit de quelqu'unlegilimens
44%
ralentit la chute de quelqu'unarresto momentum
43%
neutralise certains sortilègesfinite
43%
sortilège de confusionconfundo
40%
fait apparaître des oiseauxavis
39%
ordonne à des petits oiseaux d'attaqueroppugno
39%
fait émerger un serpent au bout de la baguetteserpensortia
38%
maléfice de chatouillis; provoque chez la cible une envie de rirerictusempra
37%
provoque une explosionbombarda maxima
35%
sortilège d'expulsionexpulso
35%
verrouille les portescollaporta
34%
anime les statues et les armurespiertotum locomotor
33%
sortilège de mutismesilencio
33%
fait apparaître la Marque des Ténèbresmorsmordre
32%
transforme un objet en portoloinportus
32%
sert à nettoyer avec rapiditérecurvite
32%
permet de transformer un animal en verre à piedvera verto
32%
repousse les araignéesarania exumai
31%
colle la langue de la personne à son palaisbloclang
31%
soigne les blessures mineuresepiskey
31%
neutralise tous les sortilèges actifs dans un lieu donnéfinite incantatem
31%
sortilège de blocage; permet d'immobiliser des individus en mouvementimmobilus
30%
augmente la puissance et la portée de la voixsonorus
30%
découpe, tranche, ouvrediffindo
29%
permet d'éviter de se faire entendreassurdiato
26%
contre-sort du précédentliberacorpus
26%
fait exploser l'objet viséconfringo
25%
permet de ligoter son adversaireincarcerem
24%
fait lâcher prise, ouvre des lienslashlabask
23%
libère les voies respiratoiresanapneo
22%
maléfice d'entrave; arrête ou ralentit la cibleimpedimenta
22%
contre-sort du sortilège Stupéfixenervatum
21%
crée une copie de l'objet viségemino
21%
change en pierre l'objet viséduro
19%
sortilège de disparitionevanesco
19%
révèle la présence d'êtres humains dans un lieuhominum revelio
19%
permet de s'élever rapidementascendio
17%
crée une lumière semblable à celle du soleillumus solem
17%
fait apparaître un bouquet de fleursorchideus
16%
sortilège de détresse; projette en l'air des étincelles rougespericulum
16%
ouvre le passage de la Sorcière borgnedissendium
15%
transforme des escaliers en tobogganglisseo
14%
permet de déplacer dans les airs ses valises, ses affaires, ...locomotor barda
14%
indique la direction avec la baguettepointe au nord
14%
sortilège de repousse-moldusrepello moldum
14%
permet de déplacer un corps par lévitationmobilicorpus
13%
sert à arrêter les lutins des Cornouaillesmutinlutin malinpesti
13%
fait pousser de façon démesurée les dents de la personne viséedentesaugmento
12%
maléfice du bloque-jambes; paralyse les jambes de la personne viséelocomotor mortis
12%
révèle le dernier sort jeté par une baguetteprior incanto
12%
fait disparaître un serpent dans un nuage de fuméevipera evanesca
12%
referme les plaies profondesvulnera sanentur
12%
révèle les écritures invisiblesaparecium
11%
sert en principe pour réparer un os cassébrachium emendo
11%
range les objets visésfailamalle
10%
révèle les sorts en sens inversepriori incantatem
10%
sort de protection pour se protéger des maléficessalveo maleficia
10%
sortilège de terrassementdefodio
9%
permet de monter une tente ou un chapiteauerigo
9%
projette la personne en arrièreeverte statum
9%
fait pousser des furoncles sur la personne viséefurunculus
9%
rend la personne ou l'objet visé noir ou l'empêche de voirobscuro
9%
contre-sort du précédentsurdinam
9%
sortilège de danse endiablée; fait frénétiquement danser la personne viséetarentallegra
9%
prévient d'une intrusion dans le périmètre protégécave inimicum
8%
rend imperméable l'objet viséimpervius
8%
enflamme l'objet visélacarnum inflamare
8%
permet de déplacer un arbre par lévitationmobiliarbus
8%
fait apparaître et disparaître dans l'Armoire à disparaîtreharmonia nectere passus
7%
pour ouvrir des caissescistem aperio
6%
permet de découper ou déchirer un objetcracbadabum
6%
fait apparaître une attelle et des bandages qui s'enroulent autour du membre blesséferula
6%
sorts servant à protéger Poudlard lors de la bataille finaleprotego maxima, fianto duri, repello inimicum
5%
nettoie la cible visée (sans savon ni produit nettoyant)tergeo
5%
permet de déplacer quelque chose à la vitesse d'une balle de fusilwaddiwasi
4%
crée un passage temporaire au milieu d'une barrière magiquepartis temporus
3%

Distribution des résultats

Percentile par nombre de réponses

% des personnes avec chaque résultat

Votre développement - résultats

Vous n’avez pas pris ce quiz